Analýza cenových bublin na českém trhu s nemovitostmi

Vymedzenie pojmu bublina. Behaviorálne modely. Monetárna politika a cenové bubliny. Najznámejšie novodobé bubliny cien aktív. Cenová bublina na japonskom trhu s nehnuteľnosťami. Amarická hypotekárna kríza.

Enregistré dans:
Détails bibliographiques
Auteur principal: Gevorgyan, Kristine
Format: Chapitre de livre
Langue:tchèque
Sujets:
Tags: Ajouter un tag
Pas de tags, Soyez le premier à ajouter un tag!

MARC

LEADER 00000naa a2200000 4500
001 0213035
005 20231116110905.0
041 0 |a cze 
044 |a CZ 
245 1 0 |a Analýza cenových bublin na českém trhu s nemovitostmi  |c Kristine Gevorgyan 
520 |a Vymedzenie pojmu bublina. Behaviorálne modely. Monetárna politika a cenové bubliny. Najznámejšie novodobé bubliny cien aktív. Cenová bublina na japonskom trhu s nehnuteľnosťami. Amarická hypotekárna kríza. 
610 2 0 |a bubliny finančné 
610 2 0 |a cena nehnuteľností 
610 2 0 |a Japonsko 
610 2 0 |a kríza finančná 
610 2 0 |a USA 
610 2 0 |a politika menová 
610 2 0 |a Česko 
610 2 0 |a trh hypotekárny 
610 2 0 |a trh finančný 
100 1 |a Gevorgyan, Kristine